00553 2200169 4500001002100000005001500021035002000036008003900056245016200095100001800257260004600275084001300321082000700334650001200341990001500353990001500368INLIS00000000000461820260429100111 a0010-0125000325260429 | | | 1 aGambaran Kadar Hemoglobin Pada Penderita Gagal Ginjal Kronis Yang Menjalani Hemodialisis Di Rsud Dr. Doris Sylvanus Palangka Raya Tahun 2023 /cNabila Ananda aNabila Ananda aPalangka Raya :bPerpustakaan UMPR,c2024 a72 NAB g a72 4aSKRIPSI a2172024303 a2172024303